| 000 | 00798nam a2200217 a 4500 | ||
|---|---|---|---|
| 001 | 000024628 | ||
| 005 | 20200930023257.0 | ||
| 008 | 110127s1998 cu a r 000 | spa d | ||
| 020 | _a9592190518 | ||
| 040 |
_aDO-SdBNP _bspa _cBNPHU |
||
| 082 |
_axxx _bM386s |
||
| 100 | 1 |
_aMartínez de Osaba y Goenaga, Juan A. _950503 |
|
| 245 | 1 | 3 |
_aEl Señor Pelotero : _b50 testimonios: narrativa / _cJuan A. Martínez de Osaba y Goenaga; prólogo Héctor Rodríguez; colaboradores Ramón Manuel Leal Gómez, Carmen Julia González Ferrer. |
| 260 |
_aPinar del Río : _bHermanos Loynaz, _c1998. |
||
| 300 |
_a196 p. : _bil. ; _c21 cm. |
||
| 490 | _aEl Fausto | ||
| 700 | 1 |
_aLeal Gómez, Ramón Manuel _950504 |
|
| 700 | 1 |
_aGonzález Ferrer, Carmen Julia _950505 |
|
| 830 | 3 |
_aEl Fausto _99684 |
|
| 049 | _aBNGR | ||
| 999 |
_c24121 _d24121 |
||